00614nam a2200205 i 450000100060000000300080000600500170001400800390003103500190007004000320008904100080012108200200012910000350014924500680018426000340025230000190028650400390030550500420034465000220038628274BD-RjUL20211209051247.0140330s1984 ii b 001 0 eng a(BD-RjUL)28355 aDLCcDLCdDLCdBD-RjULbeng aeng00a294.4bCHC 19841 aChatterjee, Asim Kumar,d1940-12aA comprehensive history of Jainism /cby Asim Kumar Chatterjee. aCalcutta :bFirma KLM,c1984. a v.. ;c21 cm. aIncludes bibliographies and index.0 aVol. 2, [1000 A. D. to 1600 A. D.] -- 0aJainismxHistory.